000 00519nam a2200181Ia 4500
008 180921t2001 xxu||||| |||| 00| 0 sin d
041 _asin
080 _a616-093
_bGUN
100 _aGunaseka,Chinthika Prabhashini.
245 _aරෝගකාරක කෂුද්‍ර ජීවියෝ
246 _aRoogakaraka Sudrajeewiyo
260 _bWejesuriya
_aMulleriyawa
_c2001
300 _aill,252p., 21 cm
650 _aBacteriology
942 _cBK
999 _c13063
_d13063
003 LK-CoDNM
040 _aLK-CoDNM
_dLK-CoDNM
_eLK-CoDNM